Fruits by Picture - Statistics

General Stats
  • This quiz has been taken 114 times
  • The average score is 13 of 16
Answer Stats
Picture Answer % Correct
Apple
100%
Kiwi
100%
Banana
99%
Mango
99%
Orange
99%
Avocado
98%
Tomato
98%
Strawberry
96%
Cucumber
92%
Papaya
85%
Dragonfruit
84%
Grapes
81%
Durian
51%
Kumquat
35%
Gooseberry
27%
Mangosteen
21%
No matching quizzes found
Score Distribution
Percent of People with Each Score
Percentile by Number Answered
Your Score History
You have not taken this quiz